000 01136cam a2200361 a 4500
001 4981686
003 OSt
005 20140310184257.0
008 980827s1998 nyua b 000 1 eng
010 _a 98041532
020 _a044841595X (pbk.)
020 _a044841872X (gb)
040 _aDLC
_cDLC
_dDLC
042 _alcac
050 0 0 _aPZ 7 .M47879We 2004
100 1 _aMcMullan, Kate.
_96752
245 1 2 _aA wedding for Wiglaf /
_cK.H. McMullan ; illustrated by Bill Basso.
260 _aNew York :
_bGrosset & Dunlap,
_c2003.
300 _a91 p. :
_bill. ;
_c19 cm.
490 1 _aDragon Slayers' Academy ;
_v4
521 0 _aG2
526 _c440
650 1 _aPrincesses
_xFiction.
_922913
650 1 _aWeddings
_xFiction.
_922914
650 1 _aSchools
_xFiction.
_922915
700 1 _aBasso, Bill,
_eill.
_922916
800 1 _aMcMullan, Kate.
_tDragon Slayers' Academy ;
_v4.
_922917
906 _a7
_bcbc
_corignew
_d1
_eocip
_f19
_gy-gencatlg
942 _2lcc
_cBK-SCHOLAS
999 _c33422
_d33422